000 00700cam a2200229 4500
001 32531
003 AR-RoBPED
005 20260410131607.0
008 260408t1971 sp ||||| |||| 00| f spa d
040 _aAR-RoBPED
041 _aspa
100 1 _aPirandello, Luigi
_d1867-1936
_96830
245 1 3 _aEl difunto Matias Pascal /
_cLuigi Pirandello; prólogo de Carlos Pujol
260 _aNavarra :
_bSalvat,
_c1971.
300 _a224 p.
490 0 _a(Biblioteca asica Salvat ;
_v70)
650 4 _aLITERATURA ITALIANA
_9497
650 4 _aNOVELAS
_925
700 1 _aPujol, Carlos
_926264
_cprol.
942 _2udc
_ak. 32531
_cBK
_h850-31
_mP 61
_ninv. 42355
945 _amm 08/04/2026 mev 10/04/2026
999 _c32531
_d32531